|
|
|
|
| LEADER |
01548cam a2200373 a 4500 |
| 001 |
c000189845 |
| 003 |
CARM |
| 005 |
20051214112324.0 |
| 008 |
990830s2000 vraa b a001 0 eng d |
| 019 |
1 |
|
|a 59755847
|z 49080120
|z 53484106
|z 20637501
|5 LACONCORD2021
|
| 020 |
|
|
|a 0643065172 :
|c $29.95
|
| 035 |
|
|
|a (OCoLC)43571654
|5 LACONCORD2021
|
| 040 |
|
|
|a ANL
|b eng
|c VCAV
|d VCAV
|d WCX
|
| 042 |
|
|
|a anuc
|
| 043 |
|
|
|a u-at---
|
| 050 |
|
4 |
|a S633.5.A8
|b A97 2000
|
| 082 |
0 |
4 |
|a 631.4220994
|2 21
|
| 245 |
0 |
0 |
|a Australian soil fertility manual /
|c Fertilizer Industry Federation of Australia Inc. ; editor J.S. Glendinning.
|
| 250 |
|
|
|a Rev. ed.
|
| 260 |
|
|
|a Collingwood, Vic. :
|b CSIRO Publishing,
|c c2000.
|
| 300 |
|
|
|a vi, 154 p. :
|b ill. ;
|c 30 cm.
|
| 500 |
|
|
|a Includes index.
|
| 500 |
|
|
|a "Revised and expanded edition" ... on cover.
|
| 504 |
|
|
|a Includes bibliographical references.
|
| 650 |
|
0 |
|a Fertilizers
|z Australia
|v Handbooks, manuals, etc.
|
| 650 |
|
0 |
|a Soil management
|z Australia
|v Handbooks, manuals, etc.
|
| 650 |
|
0 |
|a Arid regions agriculture
|z Australia
|v Handbooks, manuals, etc.
|
| 650 |
|
0 |
|a Soil fertility
|z Australia
|v Handbooks, manuals, etc.
|
| 650 |
|
0 |
|a Soils
|z Australia
|x Composition.
|
| 700 |
1 |
|
|a Glendinning, J. S.
|
| 710 |
2 |
|
|a Fertilizer Industry Federation of Australia Inc.
|
| 852 |
8 |
|
|b CARM
|h A2:AR09F0
|i D09071
|p 0266716
|f BK
|
| 999 |
f |
f |
|i 6eac412b-40bb-5acb-98dd-5c40ab19ad76
|s b94194b3-601e-5240-b2b6-6954affffe97
|
| 952 |
f |
f |
|p Can circulate
|a CAVAL
|b CAVAL
|c CAVAL
|d CARM 1 Store
|e D09071
|f A2:AR09F0
|h Other scheme
|i book
|m 0266716
|